Jesus's Disciples - Statistics

General Stats
  • This quiz has been taken 94 times
  • The average score is 8 of 12
Answer Stats
Number Answer % Correct
5 John
89%
2 Peter
85%
12 Judas
82%
9 Matthew
79%
4 James
71%
10 James
71%
1 Simon
71%
11 Simon
71%
8 Thomas
60%
3 Andrew
52%
7 Bartholomew
50%
6 Philip
37%
No matching quizzes found
Score Distribution
Percent of People with Each Score
Percentile by Number Answered
Your Score History
You have not taken this quiz